Farkašová na finále svetového pohára ako diváčka

Bibliographic Details
Format: Article
Language:Slovak
ISSN:1338-659X
Subjects:
Online Access:http://roznava.korzar.sme.sk/c/6722019/na-finale-svetoveho-pohara-ide-farkasova-ako-divacka.html

MARC

LEADER 00000nab a2200000 a 4500
001 vtls010501709
003 SK-MaSNL
005 20260304173421.0
008 130405c20130305xo dr| 0 0slo
038 |a RVGKPD 
040 |a RVGKPD  |b slo  |c RVGKPD  |e AACR2 
041 |a slo 
044 |a xo  |c SK 
080 |a 796.92  |2 1997 
245 0 0 |a Farkašová na finále svetového pohára ako diváčka  |c [autor] (pp) 
246 3 |a Na finále svetového pohára ide Farkašová ako diváčka [elektronický zdroj] 
600 1 7 |a Farkašová, Henrieta,  |d 1986-  |2 rvgkpd  |9 132625 
650 0 7 |a lyžovanie  |2 rvgkpd  |9 3256 
650 0 7 |a športovci telesne postihnutí  |2 rvgkpd  |9 877310 
651 7 |a Rožňava (Slovensko)  |2 rvgkpd  |9 17394 
773 0 |t Korzár : denník Košického kraja  |g Roč. XVI, č. 54 (5.3.2013), s. 15  |x 1338-659X 
852 |a RVGKPD  |b KIS3G 
856 4 1 |u http://roznava.korzar.sme.sk/c/6722019/na-finale-svetoveho-pohara-ide-farkasova-ako-divacka.html 
992 |a RBX 
999 |c 3003180  |d 3005110